<?xml version="1.0" encoding="UTF-8"?><marc:collection xmlns:marc="http://www.loc.gov/MARC21/slim">
  <marc:record>
    <marc:leader>00000nam  2200000za 4500</marc:leader>
    <marc:controlfield tag="001">9.863430</marc:controlfield>
    <marc:controlfield tag="003">CaOODSP</marc:controlfield>
    <marc:controlfield tag="005">20221107161256</marc:controlfield>
    <marc:controlfield tag="007">cr |||||||||||</marc:controlfield>
    <marc:controlfield tag="008">181018s2018    quc     o    f000 0 fre d</marc:controlfield>
    <marc:datafield tag="020" ind1=" " ind2=" ">
      <marc:subfield code="a">9780660282053</marc:subfield>
    </marc:datafield>
    <marc:datafield tag="040" ind1=" " ind2=" ">
      <marc:subfield code="a">CaOODSP</marc:subfield>
      <marc:subfield code="b">fre</marc:subfield>
    </marc:datafield>
    <marc:datafield tag="043" ind1=" " ind2=" ">
      <marc:subfield code="a">n-cn---</marc:subfield>
    </marc:datafield>
    <marc:datafield tag="086" ind1="1" ind2=" ">
      <marc:subfield code="a">En4-350/2018F-PDF</marc:subfield>
    </marc:datafield>
    <marc:datafield tag="245" ind1="0" ind2="3">
      <marc:subfield code="a">Le Groupe d'experts sur la finance durable - sommaire </marc:subfield>
      <marc:subfield code="h">[ressource électronique].</marc:subfield>
    </marc:datafield>
    <marc:datafield tag="260" ind1=" " ind2=" ">
      <marc:subfield code="a">Gatineau, Qué. : </marc:subfield>
      <marc:subfield code="b">Environnement et changement climatique Canada, </marc:subfield>
      <marc:subfield code="c">c2018.</marc:subfield>
    </marc:datafield>
    <marc:datafield tag="300" ind1=" " ind2=" ">
      <marc:subfield code="a">7 p.</marc:subfield>
    </marc:datafield>
    <marc:datafield tag="500" ind1=" " ind2=" ">
      <marc:subfield code="a">Publ. aussi en anglais sous le titre : The Expert Panel on Sustainable Finance - executive summary.</marc:subfield>
    </marc:datafield>
    <marc:datafield tag="500" ind1=" " ind2=" ">
      <marc:subfield code="a">Titre de la couv.</marc:subfield>
    </marc:datafield>
    <marc:datafield tag="520" ind1=" " ind2=" ">
      <marc:subfield code="a">« Le présent rapport provisoire par le Groupe d'experts en financement durable donne un aperçu de l'état de la finance durable au Canada d'après des facteurs mesurables et, plus important encore, d'après les commentaires a été reçu dans le cadre de conversations ouvertes et diversifiées avec un grand nombre d'intervenants des services financiers, des entreprises, du secteur public, des groupes de réflexion et des milieux universitaires. Le présent rapport vise également à mieux comprendre comment permettre à des services financiers de développer et d'élargir les marchés et les produits qui appuieront les investissements au niveau de la résilience au climat et de la croissance à faible émission de carbone. Le rapport final, prévu pour le printemps 2019, passera de la compréhension aux recommandations » -- Fourni par l'éditeur.</marc:subfield>
    </marc:datafield>
    <marc:datafield tag="693" ind1=" " ind2="4">
      <marc:subfield code="a">Développement durable</marc:subfield>
    </marc:datafield>
    <marc:datafield tag="693" ind1=" " ind2="4">
      <marc:subfield code="a">Climat--Changements--Atténuation</marc:subfield>
    </marc:datafield>
    <marc:datafield tag="693" ind1=" " ind2="4">
      <marc:subfield code="a">Finances</marc:subfield>
    </marc:datafield>
    <marc:datafield tag="710" ind1="1" ind2=" ">
      <marc:subfield code="a">Canada. </marc:subfield>
      <marc:subfield code="b">Environnement et changement climatique Canada.</marc:subfield>
    </marc:datafield>
    <marc:datafield tag="775" ind1="0" ind2="8">
      <marc:subfield code="t">The Expert Panel on Sustainable Finance - executive summary </marc:subfield>
      <marc:subfield code="w">(CaOODSP)9.863428</marc:subfield>
    </marc:datafield>
    <marc:datafield tag="856" ind1="4" ind2="0">
      <marc:subfield code="q">PDF</marc:subfield>
      <marc:subfield code="s">2.89 Mo</marc:subfield>
      <marc:subfield code="u">https://publications.gc.ca/collections/collection_2018/eccc/En4-350-2018-fra.pdf</marc:subfield>
    </marc:datafield>
  </marc:record>
</marc:collection>
